Countries Most Similar To Panama - Statistics

General Stats
  • This quiz has been taken 49 times
  • The average score is 17 of 20
Answer Stats
Ran Country Score % Correct
2 Colombia 82
97%
1 Costa Rica 83.4
97%
9 Guatemala 76.2
97%
19 Argentina 66.8
91%
4 Dominican Republic 80.5
91%
5 El Salvador 80.3
91%
6 Honduras 78.3
91%
3 Nicaragua 81
91%
8 Venezuela 76.7
91%
20 Jamaica 65.7
88%
10 Mexico 75.6
88%
11 Peru 74.7
88%
12 Belize 72
84%
14 Brazil 70.6
84%
15 Chile 69.6
81%
13 Cuba 72
81%
7 Ecuador 77.7
81%
17 Uruguay 68.1
81%
16 Paraguay 68.9
72%
18 Bolivia 67.7
69%
No matching quizzes found
Score Distribution
Percent of People with Each Score
Percentile by Number Answered
Your Score History
You have not taken this quiz